Normal view
MARC view
- حقوق مدنية - قانون دولي
Entry Topical Term
001 - CONTROL NUMBER
- control field: 47321
003 - CONTROL NUMBER IDENTIFIER
- control field: JO-AjAnu
005 - DATE AND TIME OF LATEST TRANSACTION
- control field: 20230606081819.0
008 - FIXED-LENGTH DATA ELEMENTS
- fixed length control field: 230606|| aca||aabn | a|a d
040 ## - CATALOGING SOURCE
- Original cataloging agency: JO-AjAnu
- Transcribing agency: JO-AjAnu
150 ## - HEADING--TOPICAL TERM
- Topical term or geographic name entry element: حقوق مدنية - قانون دولي
670 ## - SOURCE DATA FOUND
- Source citation: Work cat.: (JO-AjAnu)24216: كالسهوقن، فريتس، م.مشارك ليزابيث تسغفلد؛ ترجمة أحمد عبد العليم, author 47320, ضوابط تحكم خوض الحرب: مدخل للقانون الدولي الإنساني